| 000 | 00919nam a2200325Ia 4500 | ||
|---|---|---|---|
| 003 | OSt | ||
| 005 | 20220912150841.0 | ||
| 006 | a|||||r|||| 00| 0 | ||
| 007 | ta | ||
| 008 | 220909b |||||||| |||| 00| 0 eng d | ||
| 020 | _a0387988254 (NewYork) | ||
| 024 | _a6543 | ||
| 037 | _bSelectbook, | ||
| 037 | _cTextual | ||
| 040 |
_aCSL _beng _cCSL |
||
| 041 | _aeng | ||
| 082 | _aB28:(9S), N4;N9 | ||
| 100 | _aVenables W N | ||
| 245 | 0 | _aModern applied statistics with S-Plus | |
| 250 | _a3 | ||
| 260 |
_aNew York _b Springer _c1999 |
||
| 300 | _axi,501p | ||
| 490 | _aStatistics and computing | ||
| 500 | _aAppendix A-C, 449-471p; Bibliographical references 473-486p; Index 487-501p | ||
| 650 | _a Data processing | ||
| 650 | _aStatistics | ||
| 700 | _a Ripley B D | ||
| 942 |
_hB28:(9S), N4;N9 _cTEXL _2CC |
||
| 999 |
_c56179 _d56179 |
||